000 00450nam a2200157Ia 4500
003 IQ-KOUCL
041 _aArabic
082 _a260,1 cut-952 ف
100 _a20260118u\\\\\\\\\\\y0engy0103\\\\ba
100 _aد.صالح بن فوزان عبدالله الفوزان
245 0 _aالملخص الفقهي
250 _aط1
260 _bجمعية احياء التراث الاسلامي
_aالكويت
_c2022
300 _a712
942 _cBk
999 _c186308
_d186308